Aprendo a leer con los cuentos / (Registro nro. 14774)

Detalles MARC
000 -LIDER
fixed length control field 01164nam a22003017a 4500
003 - IDENTIFICACDOR DE NÚMERO DE CONTROL
control field DO-SdBNP
005 - DATE AND TIME OF LATEST TRANSACTION
control field 20250128104959.0
008 - ELEMENTOS DE LONGITUD FIJA
fixed length control field 150929b2010 sp a 00| 0 spa d
020 ## - ISBN
International Standard Book Number 9788449438387(o.c.)
040 ## - FUENTE DE CATALOGACIÓN
Agencia que crea de manera original el registro BPMSU
Idioma de catalogación spa
Agencia que realiza la transcripción BPMSU
082 #4 - NÚMERO DE CLASIFICACIÓN DECIMAL DE DEWEY
Classification number 372.4
Item number B616a 2010
Edition number 22
100 1# - ASIENTO PRINCIPAL -- NOMBRE PERSONAL
Nombre personal Biosca, Anna
245 10 - MENCIÓN DE TITULO
Título Aprendo a leer con los cuentos /
Mención de responsabilidad Anna Biosca ; dirección José Gay
Subtítulo
260 ## - PUBLICACIÓN, DISTRIBUCIÓN, ETC. (PIE DE IMPRENTA)
Lugar de publicación, distribución, etc Barcelona :
Nombre del editor, distribuidor, etc. Océano,
Fecha de publicación, distribución, etc 2010
300 ## - DESCRIPCIÓN FÍSICA
Extensión 3 v. :
Otros detalles físicos il., + DVD ;
Dimensiones 28 cm.
490 0# - MENCIÓN DE SERIES
Mención de serie Crecer y prender con Disney
505 ## - NOTA DE CONTENIDO
Texto normalizado de contenido Contenido: V.1 El mejor papá del mundo, la fiesta de la bella y la bestia, la escuela de genios -- V.2 El desfile de los dálmatas, simba aprende a cazar, ¿Qué es ese ruido? -- ¿Qué hacemos con Boo?, el regalo de Flik, Buzz en el planeta de las burbujas
590 ## - NOTA LOCAL
Texto de la nota local Inventariado, 2024/VM
650 #4 - ENCABEZAMIENTO DE MATERIA--TEMÁTICO
Término temático o nombre geográfico como elemento de entrada Lectura
Subdivisión temática general Enseñanza primaria
650 #4 - ENCABEZAMIENTO DE MATERIA--TEMÁTICO
Término temático o nombre geográfico como elemento de entrada Cuentos infantiles
650 #4 - ENCABEZAMIENTO DE MATERIA--TEMÁTICO
Término temático o nombre geográfico como elemento de entrada Educación preescolar
650 #4 - ENCABEZAMIENTO DE MATERIA--TEMÁTICO
Término temático o nombre geográfico como elemento de entrada Narración de cuentos
650 #4 - ENCABEZAMIENTO DE MATERIA--TEMÁTICO
Término temático o nombre geográfico como elemento de entrada Lectura recreativa
700 1# - ASIENTO SECUNDARIO -- NOMBRE PERSONAL
Nombre personal Gay, José
Mención de responsabilidad dirección
710 0# - ASIENTO SECUNDARIO -- NOMBRE CORPORATIVO
Nombre corporativo o de jurisdicción Disney
910 ## - VALIDACIÓN
Validación VMateo V. Control de calidad. BPMSU
942 ## - ADDED ENTRY ELEMENTS (KOHA)
Source of classification or shelving scheme Dewey Decimal Classification
Koha item type Libros
Existencias
Withdrawn status Lost status Source of classification or shelving scheme Damaged status Not for loan Collection code Home library Current library Date acquired Total Checkouts Full call number Barcode Date last seen Copy number Price effective from Koha item type
    Dewey Decimal Classification     Colección Infantil General Biblioteca Pública Metropolitana Salomé Ureña Biblioteca Pública Metropolitana Salomé Ureña 08/08/2024   BPMSU CGI 372.4 B616a 2010 BPMSU24080020 08/08/2024 v.1 08/08/2024 Libros
    Dewey Decimal Classification     Colección Infantil General Biblioteca Pública Metropolitana Salomé Ureña Biblioteca Pública Metropolitana Salomé Ureña 08/08/2024   BPMSU CGI 372.4 B616a 2010 BPMSU24080021 08/08/2024 v.2 08/08/2024 Libros
    Dewey Decimal Classification     Colección Infantil General Biblioteca Pública Metropolitana Salomé Ureña Biblioteca Pública Metropolitana Salomé Ureña 08/08/2024   BPMSU CGI 372.4 B616a 2010 BPMSU24080022 08/08/2024 v.3 08/08/2024 Libros